| 000 | 00744nam a2200205Ia 4500 | ||
|---|---|---|---|
| 001 | 15611 | ||
| 003 | GE_BSU | ||
| 008 | 181216s||||||||xx |||||||||||||| ||und|| | ||
| 040 | _cGE_BSU | ||
| 080 | _a821.161.1-32 | ||
| 100 | _aგლადკოვი, თ.ვ. | ||
| 245 | _aჩემი ბავშვობის ამბავი | ||
| 245 | _cთარგმ. მ. ბაკურაძისა. რედ.ქ. ტოროტაძე. მხატვ. დ. ზარაფიშვილი | ||
| 260 | _aთბილისი | ||
| 260 | _bსაბჭ. საქართველო | ||
| 260 | _c1984 | ||
| 300 | _a552გვ. ; 21სმ | ||
| 653 | _aჩემი ბავშვობის ამბავი | ||
| 942 | _cBK | ||
| 999 |
_c48711 _d48711 |
||